Statistics for This Quiz is Easy as Pi!

Click here to take the quiz!

General Stats

  • This quiz has been taken 54 times
  • The average score is 8 of 22

Answer Stats

A digit adds each time!% Correct
3
100%
3.14
52%
3.1
52%
3.141
48%
3.1415
48%
3.14159
45%
3.141592
35%
3.1415926
32%
3.14159265358979
29%
3.141592653589793238
29%
3.14159265358979323
29%
3.1415926535897932
29%
3.141592653589793
29%
3.1415926535
29%
3.1415926535897
29%
3.141592653589
29%
3.14159265358
29%
3.141592653
29%
3.14159265
29%
3.1415926535897932384
26%
3.14159265358979323846
26%

Score Distribution

Percentile by Number Answered

Percent of People with Each Score

Your Score History

You have not taken this quiz